Word Ladder: Coordinating Conjunctions Quiz Stats

 Plays Quiz Updated May 18, 2015

Challenge
Share
Tweet
Embed
Score 0/18 Timer 02:00
0 Plays Today
Hint 3-Letter Word % Correct
Definitely isn'tNOT
97.7%
Squirrel's treasureNUT
97.7%
Except for the fact...BUT
96%
'The hills ___ alive...'ARE
95.9%
WagerBET
94.7%
Relax in a chairSIT
94.6%
Colony insectANT
94.6%
Not eitherNOR
92.7%
Stitch togetherSEW
92.3%
Hint 3-Letter Word % Correct
Carney, Brut or GarfunkelART
91.8%
With; includingAND
91.5%
Rock that contains metalORE
91.1%
Ideally, second contact in volleyball SET
90.8%
Vicious Sex PistolSID
86.1%
Lend a handAID
85.8%
Has the purpose ofFOR
83.2%
NeverthelessYET
78.8%
Evergreen used to make longbowsYEW
76.3%

Today's Daily Dose

You're not logged in!

Compare scores with friends on all Sporcle quizzes.
Join for Free
OR
Log In

You Might Also Like...

Show Comments

Extras

Top Quizzes Today


Score Distribution

Your Account Isn't Verified!

In order to create a playlist on Sporcle, you need to verify the email address you used during registration. Go to your Sporcle Settings to finish the process.

Report this User

Report this user for behavior that violates our Community Guidelines.

Details: